00899cam a2200217 a 450000500170000000800410001704000250005804100080008304400070009109000130009810000320011124500980014326001050024130000110034665000200035765000410037766200200041894200130043899900130045195202170046420160825154434.0140221b1976 ck ||||| |||| 00| 0 spa d aCO-BoIAVHcCO-BoIAVH aspa ack aTEb0024 aJara Navarro, Luis Fernando aZonificación de áreas potencialmente reforestables en el norte del Departamento del Cauca aBogotábUniversidad Distrital Francisco José de Caldas. Facultad de Ingeniería Foorestalc1976 a157 p. aReforestación aAreas prioritarias de conservación aColombiabCauca cTESIS2z c610d610 00102z40708TESISIINV2017aBogotabBogotad1998-05-29eInstituto Nacional de los Recursos Naturales Renovables y del Medio Ambientel0oTE-0024p000862r2012-12-04 00:00:00tEj. 1w2012-12-04xDonacionyTESIS